Governing strategically: the New Zealand experience (Record no. 39144)

000 -LEADER
fixed length control field 00809pab a2200169 454500
008 - FIXED-LENGTH DATA ELEMENTS--GENERAL INFORMATION
fixed length control field 180718b1998 xxu||||| |||| 00| 0 eng d
100 ## - MAIN ENTRY--PERSONAL NAME
Personal name Matheson, Alex
245 ## - TITLE STATEMENT
Title Governing strategically: the New Zealand experience
260 ## - PUBLICATION, DISTRIBUTION, ETC.
Date of publication, distribution, etc. 1998
300 ## - PHYSICAL DESCRIPTION
Extent p.349-63
362 ## - DATES OF PUBLICATION AND/OR SEQUENTIAL DESIGNATION
Dates of publication and/or sequential designation Oct
520 ## - SUMMARY, ETC.
Summary, etc. This article describes the evolution of New Zealand's approach to the strategic direction of its public service during a decade of reform. Problems of atomization and short-termism which emerged from the first phase of reform were addressed through the adaptation of the Cabinet and central agency processes for policy, budget and management - Reproduced
650 ## - SUBJECT ADDED ENTRY--TOPICAL TERM
Topical term or geographic name entry element Administrative reform - New Zealand
650 ## - SUBJECT ADDED ENTRY--TOPICAL TERM
Topical term or geographic name entry element Administrative reform
773 ## - HOST ITEM ENTRY
Main entry heading Public Administration and Development
909 ## -
-- 39144
Holdings
Withdrawn status Lost status Damaged status Not for loan Permanent Location Current Location Date acquired Serial Enumeration / chronology Barcode Date last seen Price effective from Koha item type
        Indian Institute of Public Administration Indian Institute of Public Administration 2018-07-19 Volume no: 18, Issue no: 4 AR39508 2018-07-19 2018-07-19 Articles

Powered by Koha